000 00536nam a2200205Ia 4500
003 OSt
005 20250314174754.0
008 231217s9999 xx 000 0 und d
020 _a9788131732311
040 _c0
041 _aEnglish
082 _a621.3815324 CHA;13
100 _aChanna Venkatesh, K. Ganesh Rao, D
245 0 _aNetwork theory : a simplified approach
260 _c2010
_bDorling Kindersley
_aNoida
300 _a591
500 _aContent page available.
650 _aNetwork,simplified
942 _cAA
_2ddc
999 _c195970
_d195970